| 000 | 00575nam a2200169 i 4500 | ||
|---|---|---|---|
| 001 | 50004 | ||
| 003 | ES-MaACL | ||
| 005 | 20230906162112.0 | ||
| 007 | t| | ||
| 008 | 030728s1962 sp ||||1| spa d | ||
| 245 | 0 | 0 |
_aCría, explotación y enfermedades de las ovejas / _cT. L. Bywater ... [et al.] ; traducción de José Luis Fernández Espinosa. |
| 260 |
_aZaragoza : _bAcribia, _c1962. |
||
| 300 |
_aXII, 246 p., 8 lám. : _bil. ; _c20 cm. |
||
| 700 | 1 |
_aFernández Espinosa, José Luis. _949765 |
|
| 700 | 1 |
_aBywater, T.L. _933031 |
|
| 852 |
_aES-MaACL _jC-22594 _bR.51175 |
||
| 999 |
_c50004 _d50004 |
||